01398nam a2200313Ia 450000500170000000800410001702000180005808200180007610000330009424501250012725000370025230000250028949000340031450501760034853400330052465000390055765000240059665000330062065000340065370000360068774001760072394200120089926400350091133600270094633700330097333800280100604000350103499900150106920220317001536.0161108s2000 a g 000 0 s  a978950123977504a150.195bM34e1 aMiller, Jacques-Alaind1944-13aLa ética del psicoanálisisb1959-1960ctexto establecido por Jacques-Alain Miller ; traducción Diana S. Rabinovich a1a. edición, 13a reimpresión a397 páginasc23 cm aEl Seminario de Jacques Lacan aIntroducción de la cosa -- El problema de la sublimación -- La paradoja del goce -- La esencia de la tragedia -- La dimensión trágica de la experiencia analítica tL'ethique de la psychanalyse142LEMBaPsicoanálisisvFundamentos142LEMBaInconsciencia142LEMBaPsicología evolutiva142LEMBaConducta (psicología)1 aRabinovich, Diana Silvia975382 aIntrodución de la cosa \\ El problema de la sublimación \\ La paradoja del goce \\ La escencia de la tragedia \\ La dimensión trágica de la experiencia analítica 2ddccBK aBuenos AiresbPaidósc[2000] atextobtxt2rdacontent asin mediaciónbn2rdamedia avolumenbnc2rdacarrier aCO-BoRNBPbspaerdacCO-BoRNBP c7301d7301